000 00483 a2200181 4500
020 _a0-00-616800-0
040 _aDLC
_bDLC
082 _a823.912
082 _a823.912
100 1 _aChristie, Agatha,
245 0 0 _aCurtain: Poirot's last case
_bPoirot's last case
_cChristie, Agatha
260 _aLondon :
_bHarperCollins,
_c1996
300 _a224p. ;
_c18 cm
500 _aOriginalupplaga
650 7 _aEnglish fiction
_y20th century
655 4 _aBok
942 _cBK
_k823.912 CHR
_2ddc
999 _c5022
_d5022